000 01025nas a2200313 4500
001 BR2021000213
003 BR-BrBNA
005 20231205132130.0
007 ta
008 230509b bl.|||p| |||| 00| 00por d
040 _aBR-BrBNA
_bpor
_cBiblioteca Nacional de Agricultura
041 _a(Pt)
072 _aQ02
100 1 _aSanches, A.G.
100 1 _aSilva, M.B. da
100 1 _aMoreira, E.G.S.
100 1 _aCosta, J.M.
100 1 _aCosme, S.S.
245 1 _aRetardo da maturação em cajaranas (Spondias cytherea)tratadas com 1-MCP
650 _aFRUTA TROPICAL
650 _aCONSERVAÇÃO
650 _aQUALIDADE
650 _aPRESERVAÇÃO DE ALIMENTO
773 0 _tNativa. Pesquisas Agrárias e Ambientais (Brazil)
_xISSN 2318-7670
_g(Jul-Aug 2017), v. 5(4) p. 244-249
_wBR2021000213
856 4 0 _uhttps://periodicoscientificos.ufmt.br/ojs/index.php/nativa/article/view/4428/pdf_1
856 4 0 _dLink DSPACE/MAPA BR2021000213
909 _a202311
_bLúcia
_c55
_dLúcia Elande
942 _2AGRIS
_n0
_cANA
999 _c258653
_d258653